000 00760nam a22002412 4500
001 0000020361
005 20151217152212.0
008 110913s xx 000 0 eng d
020 _c0443071764
040 _aKABU
_cKABU
100 1 _aDownie, George.
_@0000180571
245 1 0 _aPharmacology and medicines management for nurses /
_cGeorge Downie, Jean Mackenzie, Arhur Williams.
250 _a3rd ed.
260 _aLondon :
_bElsevier,
_c2003.
300 _axi, 515 p.
650 0 _aDrugs
_xAdministration.
_@0000180572
650 0 _aPharmacology.
_@0000155850
700 1 _aMackenzier, Jean.
_@0000180573
700 1 _aWilliams, Arthur.
_@0000180574
852 1 _9p2290 KES
908 _a110913
950 _@1
999 _c9284
_d9284